000 00714nam a22002297a 4500
001 3428
003 FISKH
005 20240305152105.0
008 240305b cb ||||| |||| 00| 0 eng d
040 _aFISK
_beng
_cFISK
_dFISK
050 _aPZ7.H22666
082 _a443
100 _aHiatt Harlow Joan
_d1932-
245 _aBlown away! /
_cJoan Hiatt Harlow
300 _a258 pages :
_c20 cm
505 _aM
520 _aIn 1935 on the Florida Key of Matacumbe, thirteen-year-old Jake makes new friends during an idyllic summer, only to have everything change when a hurricane threatens the island.
521 8 _a730
_bLexile
700 _aJoan Hiatt Harlow
942 _2ddc
_cBK
_n0
999 _c3428
_d3428